|
|
|
|
| LEADER |
00000nam0a2200000 4500 |
| 001 |
178699 |
| 005 |
20231101223425.0 |
| 035 |
|
|
|a (RuTPU)RU\TPU\book\193711
|
| 035 |
|
|
|a RU\TPU\book\144717
|
| 090 |
|
|
|a 178699
|
| 100 |
|
|
|a 20100408d2009 m y0rusy50 ca
|
| 101 |
0 |
|
|a rus
|
| 102 |
|
|
|a RU
|
| 105 |
|
|
|a y j 000zy
|
| 200 |
1 |
|
|a Введение в регионоведение
|e учебное пособие
|f М. В. Иванова
|g Томский политехнический университет (ТПУ)
|
| 210 |
|
|
|a Томск
|c Изд-во ТПУ
|d 2009
|
| 215 |
|
|
|a 149 с.
|
| 225 |
1 |
|
|a Учебники Томского политехнического университета
|
| 330 |
|
|
|a Учебное пособие состоит из двух частей. Практикум - это задания, разнообразные по форме (вопросы, задания в тестовой форме, упражнения), и характеру (репродуктивные, аналитические). Вторая часть - это извлечения из трудов ученых, учебных и справочных пособий, касающиеся различных проблем регионоведения. Все тексты сопровождаются вопросами. Пособие предназначено для студентов, обучающихся по специальности «Регионоведение». Разделы обеих его частей адаптированы к содержанию дисциплины «Введение в регионоведение
|
| 451 |
|
1 |
|0 (RuTPU)RU\TPU\book\144717
|t Введение в регионоведение
|o учебное пособие
|f М. В. Иванова
|g Томский политехнический университет (ТПУ)
|c Томск
|n Изд-во ТПУ
|d 2008
|p 177 с.
|s Учебники Томского политехнического университета
|a Иванова, Маргарита Викторовна
|
| 606 |
1 |
|
|a Международное регионоведение
|2 stltpush
|3 (RuTPU)RU\TPU\subj\68360
|9 83749
|
| 610 |
1 |
|
|a экономика
|
| 610 |
1 |
|
|a экономическая география
|
| 610 |
1 |
|
|a регионы
|
| 610 |
1 |
|
|a регионоведение
|
| 610 |
1 |
|
|a страноведение
|
| 610 |
1 |
|
|a природа
|
| 610 |
1 |
|
|a географическое положение
|
| 610 |
1 |
|
|a расселение
|
| 610 |
1 |
|
|a народонаселение
|
| 610 |
1 |
|
|a региональная политика
|
| 610 |
1 |
|
|a регионоведческие исследования
|
| 610 |
1 |
|
|a учебные пособия
|
| 686 |
|
|
|a У04(0)я73
|v LBC/SL-A
|2 rubbk
|
| 686 |
|
|
|a Ф2(0)я73
|v LBC/SL-A
|2 rubbk
|
| 700 |
|
1 |
|a Иванова
|b М. В.
|g Маргарита Викторовна
|
| 712 |
0 |
2 |
|a Томский политехнический университет (ТПУ)
|c (1991- )
|2 stltpush
|3 (RuTPU)RU\TPU\col\376
|
| 801 |
|
1 |
|a RU
|b 63413507
|c 20080318
|g PSBO
|
| 801 |
|
2 |
|a RU
|b 63413507
|c 20181214
|g PSBO
|
| 900 |
|
|
|a Введение в регионоведение
|
| 942 |
|
|
|c BK
|